There Was A Roman in Your Garden / (Record no. 204123)

MARC details
000 -LEADER
fixed length control field 01731nam a2200301 i 4500
003 - CONTROL NUMBER IDENTIFIER
control field OSt
005 - DATE AND TIME OF LATEST TRANSACTION
control field 20260507110330.0
008 - FIXED-LENGTH DATA ELEMENTS--GENERAL INFORMATION
fixed length control field 260507s2025 enka br 000 0 eng d
020 ## - INTERNATIONAL STANDARD BOOK NUMBER
International Standard Book Number 9780241662151
Terms of availability RM 65.50
Qualifying information paperback
040 ## - CATALOGING SOURCE
Original cataloging agency PPAK
Language of cataloging eng
Transcribing agency PPAK
Description conventions rda
082 04 - DEWEY DECIMAL CLASSIFICATION NUMBER
Edition number 23
Classification number 937.02
090 00 - LOCALLY ASSIGNED LC-TYPE CALL NUMBER (OCLC); LOCAL CALL NUMBER (RLIN)
Classification number (OCLC) (R) ; Classification number, CALL (RLIN) (NR) 937.02
Feature heading HUG
Feature heading K
100 1# - MAIN ENTRY--PERSONAL NAME
Personal name Hughes, Bettany,
Relator term author.
245 10 - TITLE STATEMENT
Title There Was A Roman in Your Garden /
Statement of responsibility, etc. BETTANY HUGHES ; Illustrated by Nathan Reed
264 #1 - PRODUCTION, PUBLICATION, DISTRIBUTION, MANUFACTURE, AND COPYRIGHT NOTICE
Place of production, publication, distribution, manufacture [London], UK :
Name of producer, publisher, distributor, manufacturer PUFFIN BOOKS,
Date of production, publication, distribution, manufacture, or copyright notice 2025
300 ## - PHYSICAL DESCRIPTION
Extent 215 pages :
Other physical details illustrations ;
Dimensions 20 cm
336 ## - CONTENT TYPE
Content type term text
Source rdacontent
337 ## - MEDIA TYPE
Media type term unmediated
Source rdamedia
338 ## - CARRIER TYPE
Carrier type term volume
Source rdacarrier
500 ## - GENERAL NOTE
General note "A history of the Romans in 20 buried treasures"--Cover.<br/>
520 ## - SUMMARY, ETC.
Summary, etc. It's your lucky day! You've stumbled across an ancient treasure chest in your garden that was buried thousands of years ago by a child living in ancient Rome. And the chest is packed with 20 strange and curious items that tell us so much about their life, such as: Armour made of real crocodile skin ; Twinkling treasure said to protect its wearer from evil ; A fun game made of a pig's knuckle ; Evidence of the world's first pizza! Unpack the treasure chest and discover the objects that a child just like you was using thousands of years ago. You'll uncover fascinating facts and true tales about their school, family life, clothes, games, favourite snacks and so much more.
521 1# - TARGET AUDIENCE NOTE
Target audience note Audience Ages 7-12.
651 #0 - SUBJECT ADDED ENTRY--GEOGRAPHIC NAME
Geographic name Rome
General subdivision Antiquities
Form subdivision Juvenile literature.
Geographic name Rome
General subdivision Civilization
Form subdivision Juvenile literature
Geographic name Rome
General subdivision Social conditions
Chronological subdivision 510-30 B.C.
Form subdivision Juvenile literature.
700 1# - ADDED ENTRY--PERSONAL NAME
Personal name Reed, Nathan,
Relator term illustrator.
942 ## - ADDED ENTRY ELEMENTS (KOHA)
Source of classification or shelving scheme Dewey Decimal Classification
Koha item type Book
Holdings
Withdrawn Not for loan Current library Shelving location Date acquired Total Checkouts Full call number Barcode Date last seen Koha item type
    Perpustakaan Alor Setar Pinjaman Kanak-kanak 12/05/2026   K 937.02 HUG A01916381 12/05/2026 Book
    Perpustakaan Awam Sungai Petani Pinjaman Kanak-kanak 12/05/2026   K 937.02 HUG A01916382 12/05/2026 Book
    Perpustakaan Baling Pinjaman Kanak-kanak 12/05/2026   K 937.02 HUG A01916386 12/05/2026 Book
    Perpustakaan Bandar Baharu Pinjaman Kanak-kanak 12/05/2026   K 937.02 HUG A01916387 12/05/2026 Book
    Perpustakaan Jitra Pinjaman Kanak-kanak 12/05/2026   K 937.02 HUG A01916383 12/05/2026 Book
    Perpustakaan Kulim Pinjaman Kanak-kanak 12/05/2026   K 937.02 HUG A01916385 12/05/2026 Book
    Perpustakaan Langkawi Pinjaman Kanak-kanak 12/05/2026   K 937.02 HUG A01916384 12/05/2026 Book